Les stratégies d'apprentissage : Comment accompagner les élèves dans l'appropriation des savoirs (notice n° 1569518)

détails MARC
000 -LEADER
fixed length control field 00842cam a2200133 4500500
005 - DATE AND TIME OF LATEST TRANSACTION
control field 20251214010606.0
041 ## - LANGUAGE CODE
Language code of text/sound track or separate title fre
042 ## - AUTHENTICATION CODE
Authentication code dc
100 10 - MAIN ENTRY--PERSONAL NAME
Personal name Perraudeau, Michel
Relator term author
245 00 - TITLE STATEMENT
Title Les stratégies d'apprentissage : Comment accompagner les élèves dans l'appropriation des savoirs
260 ## - PUBLICATION, DISTRIBUTION, ETC.
Name of publisher, distributor, etc. Armand Colin,<br/>
Date of publication, distribution, etc. 2006.<br/>
520 ## - SUMMARY, ETC.
Summary, etc. Qu'est-ce qu'apprendre ? Les procédures et stratégies mises en œuvre par l'élève. Les stratégies de l'élève en difficulté. Comprendre la grande difficulté et les troubles d'apprentissage Peut-on enseigner les stratégies d'apprentissage ? Les stratégies d'enseignement mises en œuvre par le professeur. Peut-on enrichir les stratégies d'enseignement ?
856 41 - ELECTRONIC LOCATION AND ACCESS
Uniform Resource Identifier <a href="https://shs.cairn.info/les-strategies-d-apprentissage--9782200345358?lang=fr&redirect-ssocas=7080">https://shs.cairn.info/les-strategies-d-apprentissage--9782200345358?lang=fr&redirect-ssocas=7080</a>

Pas d'exemplaire disponible.

PLUDOC

PLUDOC est la plateforme unique et centralisée de gestion des bibliothèques physiques et numériques de Guinée administré par le CEDUST. Elle est la plus grande base de données de ressources documentaires pour les Étudiants, Enseignants chercheurs et Chercheurs de Guinée.

Adresse

627 919 101/664 919 101

25 boulevard du commerce
Kaloum, Conakry, Guinée

Réseaux sociaux

Powered by Netsen Group @ 2025